000
00306nam a2200097Ia 4500
008
231107s2000 xx 000 0 und d
041
_a
eng
100
_a
Worpole Ken
245
_a
Here Comes the Sun : Architecture & Public Space in 20th Century European Culture
260
_a
London
_b
Reaktion Books pub.
_c
2000
999
_c
928942
_d
928942